Champions League Winners And Runners UP - Statistics

General Stats
  • This quiz has been taken 42 times
  • The average score is 8 of 9
Answer Stats
Answer % Correct
Liverpool
100%
Manchester United
100%
Barcelona
97%
Chelsea
97%
Bayern Munich
95%
Juventus
92%
AC Milan
89%
Ajax
84%
Borussia Dortmund
74%
No matching quizzes found
Score Distribution
Percent of People with Each Score
Percentile by Number Answered
Your Score History
You have not taken this quiz